| 000 | 01918cam a22005894i 4500 | ||
|---|---|---|---|
| 003 | PE-LiUPU | ||
| 005 | 20250731170500.0 | ||
| 008 | 150616s1985 txu r 000 0 eng d | ||
| 020 | _a1559242833 | ||
| 020 | _a978155924837 | ||
| 035 | _a(Sirsi) i9781559242837 | ||
| 040 |
_aPE-LiUPU _bspa _cPE-LiUPU _dPE-LiUPU _erda |
||
| 049 | _aPRUA | ||
| 082 | 0 | 4 |
_a158.2 _bP82 _221 |
| 100 | 1 |
_aPowell, John, _eautor. |
|
| 245 | 1 | 0 |
_aWill the real me please stand up? / _cJohn Powell. |
| 264 | 1 |
_aAllen, Texas : _bTabor Publishing, _c1985. |
|
| 300 |
_a215 páginas : _bilustraciones ; _c20 centímetros |
||
| 336 |
_atext _2rdacontent |
||
| 337 |
_aunmediated _2rdamedia |
||
| 338 |
_avolume _2rdacarrier |
||
| 505 | 0 | _aAssumptions and attitudes necessary for good communication -- Guidelines for the sucessful practice of sharing oneself (speaking) -- Guidelines for the sucessful practice of accepting the sharing of another. | |
| 526 | _aSEG68 | ||
| 526 | _aSEG70 | ||
| 526 | _aSEG69 | ||
| 526 | _aSEG67 | ||
| 526 | _aSEG43 | ||
| 526 | _aP144 | ||
| 526 | _aP143 | ||
| 526 | _aP131 | ||
| 526 | _aP122 | ||
| 526 | _aP120 | ||
| 526 | _aP117 | ||
| 526 | _aP112 | ||
| 526 | _aP110 | ||
| 526 | _aP106 | ||
| 526 | _aP101 | ||
| 526 | _aP80 | ||
| 526 | _aP59 | ||
| 526 | _aP54 | ||
| 526 | _aP35 | ||
| 526 | _aP33 | ||
| 526 | _aP30 | ||
| 650 | 0 | 4 |
_aComunicación interpersonal. _93021 |
| 910 |
_ajck _bjvq _cjck |
||
| 942 |
_2ddc _cBOOK |
||
| 949 |
_a158.2 P82 _wDEWEY _c1 _i42545 _lCCODEBUL1 _mBUL _r0 _sY _tBOOK _u2015-6-16 _xTEOLOGIA _zUNKNOWN _0COMPRA _o.STAFF. Colección Ciencias de la Salud |
||
| 994 |
_aC0 _bPEPRU |
||
| 596 | _a1 | ||
| 999 |
_a158.2 P82 _wDEWEY _c60377 _i42545 _f2021-11-3 _g5 _lCCODEBUL1 _mBUL _p25.99 _r0 _sY _tBOOK _u2015-6-16 _xSALUD _zUNKNOWN _0COMPRA _o.STAFF. Colección Ciencias de la Salud _d60377 |
||
| 980 |
_81 _gALBERTO SANCHEZ Responsable de Automatización |
||